| 000 | 00748nam a2200241Ia 4500 | ||
|---|---|---|---|
| 003 | OSt | ||
| 005 | 20220923230405.0 | ||
| 006 | a|||||r|||| 00| 0 | ||
| 007 | ta | ||
| 008 | 220922b |||||||| |||| 00| 0 hin d | ||
| 024 | _a280,410 | ||
| 037 | _cTextual | ||
| 040 |
_aARTS _cARTS _bhin |
||
| 041 |
_2hin _ahin |
||
| 082 | _aO152,1NMAx, M9 | ||
| 100 |
_aमानबहादुर सिंह _9156263 |
||
| 245 | 0 | _aलेखपाल और अन्य कविताएॅं | |
| 246 | _aLekhapāl aur anya kavitāeॅan | ||
| 260 | _c1989 | ||
| 650 |
_aहिन्दी साहित्य _9156264 |
||
| 942 |
_hO152,1NMAx, M9 _cTEXL _2CC |
||
| 999 |
_c384490 _d384490 |
||